000 01126nam0a22002891 4500
001 RU\NLR\INFOCOMM_238\5000000305
005 20250613085920.0
035 _a(NLR Aleph) 009047109
090 _a9565057
_c9565057
100 _a20080826d1967 |||y0rusy50 ca
101 0 _afre
102 _aRU
105 _ay z 000zy
200 1 _aLe tiques en tant que récipients et vecteurs du microbe de la peste dans les foyers naturels
_fO. V. Afanassieva
_gMin. de la santé publique de l'URSS, Inst. central de perfectionnement des médecins de l'URSS
_gSéminaire interrégional de l'organisation mondiale de la santé sur la lutte contre la peste
210 _aΜ.
_c[s. n.]
_d1967
215 _a12 с.
_d20 см
309 _aОтпеч. множит. аппаратом
686 _aМе3-1252
_2rubbk
700 1 _9z02790
_aAfanas'eva
_bO. V.
_4070
712 0 2 _aSéminaire interrégional sur la lutte contre la peste
_eMoscou
_f1967
_4570
790 1 _9z02700
_aAfanassieva
_bO. V.
_4070
801 1 _aRU
_bNLR
_c20080826
801 0 _aRU
_bNLR
_gPSBO
852 _aNLR
_jМд97 Д-4/21
942 _cBOOK
980 _aNB